000 01118nam a2200289 i 4500
003 DO-SdBNP
005 20240506134200.0
007 ta
008 240219s2023 dr o 000 j spa d
020 _a9789945510409
040 _aDO-SdBNP
_bspa
_cBNPHU
_erda
082 4 _bR263
_222
100 1 _aMiller, Jeannette,
_d1944-
_983484
245 1 0 _aJeannette Miller :
_bbiografía gráfica /
_cJeannette Miller ; presentación, Jit Manuel Castillo de la Cruz
264 1 _aSanto Domingo :
_bMinisterio de Cultura,
_bNacional,
_c2023.
300 _a144 páginas,
_bfotografías
_c26 cm.
336 _2rdacontent
_atexto
_btxt
337 _2rdamedia
_asin mediación
_bn
338 _2rdacarrier
_avolumen
_bnc
504 _aBibliografía activa p : 129-136
504 _aBibliografía pasiva p : 139-144
505 _aPresentación --
_tAntecedentes --
_tJeannette Miller, Santo Domingo, 1944 --
_tFragmentos de críticas y cartas --
_tBibliografías activa y pasiva.
590 _aInventariado, 2024/ YL
700 1 _aCastillo Cruz, Jit Manual de la,
_epresentación
_98316
910 _aYLockward
942 _2ddc
_cLBS1
999 _c55968
_d55968